000 00289nam a2200133 i 4500
001 bg
245 0 _aBiologiczne metody ochrony roślin.
260 _aWarszawa,
_c1978.
040 _cBPK
041 _apol
080 _a632.9
942 _cKS
008 s pl f |000 0 pol
999 _c17846
_d17846
856 _uhttp://koha.tu.koszalin.pl/cgi-bin/koha/opac-detail.pl?biblionumber=17846
_yKatalog online BPK